000
00214nam a22000857a 4500
008
170208b xxu||||| |||| 00| 0 eng d
100
_9
2812
_a
Bharat Scouts
245
_a
Pratham Sopan Scout
260
_a
New delhi
_b
BS
_c
2011
999
_c
6027
_d
6027